000 00485cam a2200169 a 4500
001 000018351
005 20200929165452.0
008 780118s1970 fr 000 f fre d
040 _aDO-SdBNP
_bspa
_dBNPHU
082 _a843.914
_bC496c
100 1 _aChauffin, Yvonne.
_939745
245 1 3 _aLa cellule :
_broman /
_cYvonne Chauffin.
260 _aParis :
_bPlon,
_c1970.
300 _a296 p. ;
_c21 cm.
650 4 _aNovela francesa
_91075
650 4 _aLiteratura francesa
_ySIGLO XX
_94232
999 _c17872
_d17872